| 000 | 00727nam a2200241Ia 4500 | ||
|---|---|---|---|
| 005 | 20260429112009.0 | ||
| 008 | 260429s9999||||xx |||||||||||||| ||und|| | ||
| 020 | _a9780367684686 | ||
| 041 | _aEnglish | ||
| 082 |
_a378.16 _bQUI |
||
| 100 | _aQuirke, Mary | ||
| 245 | 0 |
_aAdopting a udl attitude within academia : _bunderstanding and practicing inclusion across higher education / _cMary Quirke |
|
| 250 | _a1st ed. | ||
| 260 |
_aNew Delhi : _bRoutledge, _c2024. |
||
| 300 | _axii, 157 p.; pbk | ||
| 650 | _a Accessibility | ||
| 650 | _a Higher education | ||
| 650 | _a Inclusive teaching | ||
| 650 | _aUniversal Design for Learning | ||
| 700 | _a McCarthy, Patricia | ||
| 700 | _a McGuckin, Conor | ||
| 942 | _cTB | ||
| 999 |
_c51807 _d51807 |
||